| 000 | 00649nam a2200193Ia 4500 | ||
|---|---|---|---|
| 008 | 131103s9999 xx 000 0 und d | ||
| 040 | _aLoreto College | ||
| 041 | _aEnglish | ||
| 082 |
_a373/ENG _bLCLIB/copy3 |
||
| 245 |
_aENGLAND.Ministry of Education 15 to 18 _b a report of the Central Advisory Council For Education (England) _cMinistry Of Education,India |
||
| 260 |
_aLondon _bHer Majestry's Stationery Office _c1959 (1965 printing) |
||
| 300 |
_axxxi,519 p. _b illus. _c 21 cm. |
||
| 504 | _aIncludes index | ||
| 630 | _aEducation | ||
| 650 | _aMinistry Of Education | ||
| 651 | _aSecondary Education | ||
| 850 | _aLCLIB | ||
| 942 | _cBK | ||
| 999 |
_c10923 _d61402 |
||